[Event "Cologne-ch 05"]
[Site "Cologne"]
[Date "2005.01.16"]
[Round "6"]
[White "Klein, Markus"]
[Black "Raupach, Birgit"]
[Result "1-0"]
[WhiteElo "1287"]
[BlackElo "1075"]
[PlyCount "55"]
[EventDate "2004.12.04"]
[EventType "swiss"]
[EventRounds "7"]
[EventCountry "GER"]
[SourceTitle "EXT 2006"]
[Source "ChessBase"]
[SourceDate "2005.11.24"]
[SourceVersion "1"]
[SourceVersionDate "2005.11.24"]
[SourceQuality "1"]

1. c4 e6 2. d4 d5 3. e3 Nf6 4. Bd2 Be7 5. Be2 0-0 6. Nf3 c5 7. Bc3 b6 8. 0-0 Ne4 9. Bd3 f5 10. cxd5 Qxd5 11. b3 Nd7 12. Bc4 Qd6 13. dxc5 Ndxc5 14. Qxd6 Nxd6 15. Nbd2 Bd7 16. Ne5 Bc8 17. Bb4 Nde4 18. Nxe4 fxe4 19. Nc6 Bd6 20. Nd4 Bd7 21. Bxc5 bxc5 22. Nxe6 Rf5 23. Nc7+ Kh8 24. Nxa8 Rg5 25. Rfd1 Bh3 26. g3 Rg6 27. Rd2 Be5 28. Rd8# 1-0

[Event "Cologne-ch 05"]
[Site "Cologne"]
[Date "2005.01.16"]
[Round "5"]
[White "Melters, Hans"]
[Black "Raupach, Birgit"]
[Result "1-0"]
[WhiteElo "1308"]
[BlackElo "1075"]
[PlyCount "54"]
[EventDate "2004.12.04"]
[EventType "swiss"]
[EventRounds "7"]
[EventCountry "GER"]
[SourceTitle "EXT 2006"]
[Source "ChessBase"]
[SourceDate "2005.11.24"]
[SourceVersion "1"]
[SourceVersionDate "2005.11.24"]
[SourceQuality "1"]

1. e4 c5 2. Nf3 e6 3. d4 d5 4. exd5 exd5 5. Bb5+ Bd7 6. Bxd7+ Nxd7 7. 0-0 Ngf6 8. Re1+ Be7 9. Bg5 0-0 10. Nc3 Nb6 11. dxc5 Bxc5 12. Bxf6 Qxf6 13. Nxd5 Nxd5 14. Qxd5 b6 15. c3 Rad8 16. Qb7 Ra8 17. Rac1 Rfb8 18. Qe4 b5 19. Re2 b4 20. Rce1 bxc3 21. bxc3 Qxc3 22. Ng5 g6 23. Qh4 h5 24. Qf4 Rf8 25. Nf3 Rad8 26. Qh6 Bd6 27. Ng5 Rd7 1-0

[Event "Troisdorf op"]
[Site "Troisdorf"]
[Date "2004.12.14"]
[Round "7"]
[White "Raupach, Birgit"]
[Black "Froehling, Ewald"]
[Result "0-1"]
[WhiteElo "1091"]
[BlackElo "1452"]
[PlyCount "94"]
[EventDate "2004.11.02"]
[EventType "swiss"]
[EventRounds "7"]
[EventCountry "GER"]
[SourceTitle "EXT 2006"]
[Source "ChessBase"]
[SourceDate "2005.11.24"]
[SourceVersion "1"]
[SourceVersionDate "2005.11.24"]
[SourceQuality "1"]

1. d4 d5 2. Nf3 Nf6 3. e3 e6 4. c4 c6 5. Nc3 Bb4 6. Bd2 b6 7. Be2 0-0 8. 0-0 Bb7 9. Qa4 Bd6 10. Qb3 Nbd7 11. Na4 Rb8 12. Rac1 Ne4 13. Be1 dxc4 14. Qxc4 b5 15. Qc2 Nef6 16. Nc5 Nxc5 17. dxc5 Bc7 18. b4 Qe7 19. Bd3 h6 20. Bc3 Rbd8 21. Rfd1 Nd5 22. a3 Nxc3 23. Qxc3 e5 24. e4 Bc8 25. g3 Bg4 26. Be2 f5 27. Qc2 f4 28. Rf1 Rf7 29. Qb3 Kh8 30. Rfe1 fxg3 31. fxg3 Rdf8 32. Rc3 Bh5 33. Rf1 Bg6 34. Re3 Bd8 35. Qc2 a5 36. Qb1 Qe6 37. Bd1 Qh3 38. Be2 Bh5 39. Rf2 Bxf3 40. Bxf3 Bg5 41. Bg2 Qd7 42. Ref3 Rxf3 43. Bxf3 Be3 44. Qe1 Bxf2+ 45. Kxf2 Qd4+ 46. Kg2 Qb2+ 47. Be2 Qxa3 0-1

[Event "Troisdorf op"]
[Site "Troisdorf"]
[Date "2003.11.11"]
[Round "3"]
[White "Schlueter, Juergen"]
[Black "Raupach, Birgit"]
[Result "1-0"]
[WhiteElo "1533"]
[BlackElo "1116"]
[PlyCount "69"]
[EventDate "2003.10.14"]
[EventType "swiss"]
[EventRounds "7"]
[EventCountry "GER"]
[SourceTitle "EXT 2005"]
[Source "ChessBase"]
[SourceDate "2004.11.15"]
[SourceVersion "1"]
[SourceVersionDate "2004.11.15"]
[SourceQuality "1"]

1. d4 d5 2. c4 e6 3. Nf3 Nf6 4. Nc3 c5 5. e3 Be7 6. b3 0-0 7. Bd3 Bd7 8. Ba3 b6 9. 0-0 Nc6 10. Qc2 a6 11. Rfe1 Qc7 12. cxd5 exd5 13. dxc5 bxc5 14. Na4 Ne5 15. Nxe5 Qxe5 16. Bb2 Qh5 17. h3 Bxa4 18. bxa4 a5 19. Rad1 Rac8 20. Be2 Qg5 21. Bf3 Rfd8 22. Rd2 c4 23. Bd4 Bb4 24. Bc3 Bc5 25. Bxa5 Rd6 26. Red1 Ra8 27. Bc3 Rad8 28. Bxf6 Qxf6 29. Rxd5 Bb4 30. Qxc4 Ba3 31. Qb3 Bb2 32. Rxd6 Rxd6 33. Rxd6 Qxd6 34. Qxb2 Qa6 35. Qb8+ 1-0

[Event "Bergisch Gladbach-ch 25th"]
[Site "Bergisch Gladbach"]
[Date "2003.09.05"]
[Round "2.17"]
[White "Raupach, Gregor"]
[Black "Raupach, Birgit"]
[Result "1/2-1/2"]
[WhiteElo "1879"]
[BlackElo "1116"]
[PlyCount "30"]
[EventDate "2003.08.??"]
[EventType "swiss"]
[EventRounds "7"]
[EventCountry "GER"]
[SourceTitle "EXT 2005"]
[Source "ChessBase"]
[SourceDate "2004.11.15"]
[SourceVersion "1"]
[SourceVersionDate "2004.11.15"]
[SourceQuality "1"]

1. d4 Nf6 2. c4 e6 3. Nf3 d5 4. Nc3 c5 5. Bg5 Be7 6. e3 cxd4 7. Nxd4 0-0 8. Be2 a6 9. 0-0 dxc4 10. Bxc4 b5 11. Bd3 Bb7 12. Rc1 Nbd7 13. Qe2 Re8 14. Rfd1 Qb6 15. a3 Nf8 1/2-1/2

[Event "Bergisch Gladbach-ch 24th"]
[Site "Bergisch Gladbach"]
[Date "2002.09.27"]
[Round "5"]
[White "Raupach, Birgit"]
[Black "Holzke, Siegfried"]
[Result "0-1"]
[WhiteElo "1135"]
[BlackElo "1371"]
[PlyCount "30"]
[EventDate "2002.08.??"]
[EventType "swiss"]
[EventRounds "7"]
[EventCountry "GER"]
[SourceTitle "EXT 2005"]
[Source "ChessBase"]
[SourceDate "2004.11.15"]
[SourceVersion "1"]
[SourceVersionDate "2004.11.15"]
[SourceQuality "1"]

1. d4 d5 2. Nf3 Nf6 3. e3 Bg4 4. Be2 e6 5. 0-0 c5 6. c4 Nc6 7. Nc3 Bxf3 8. Bxf3 dxc4 9. Re1 Be7 10. Na4 cxd4 11. e4 e5 12. Bg5 0-0 13. b3 c3 14. Qd3 Nb4 15. Qc4 Nc2 0-1

[Event "Bergisch Gladbach-ch op"]
[Site "Bergisch Gladbach"]
[Date "2001.09.28"]
[Round "7"]
[White "Bloemer, Guenter"]
[Black "Raupach, Birgit"]
[Result "1-0"]
[WhiteElo "1522"]
[BlackElo "1146"]
[PlyCount "44"]
[EventDate "2001.08.17"]
[EventType "swiss"]
[EventRounds "7"]
[EventCountry "GER"]
[SourceTitle "EXT 2006"]
[Source "ChessBase"]
[SourceDate "2005.11.24"]
[SourceVersion "1"]
[SourceVersionDate "2005.11.24"]
[SourceQuality "1"]

1. d4 d5 2. c4 e6 3. Nc3 Nf6 4. Bg5 Be7 5. Nf3 0-0 6. e3 c5 7. Bd3 Nc6 8. a3 Ne4 9. h4 f6 10. Bf4 Nxc3 11. bxc3 b6 12. Qc2 f5 13. g4 Bd7 14. cxd5 exd5 15. gxf5 Bf6 16. Kd2 Na5 17. Ne5 Bc8 18. Rag1 Qe7 19. h5 Bb7 20. h6 c4 21. Be2 Qxa3 22. Nd7 Rfd8 1-0